Reconnaître un joueur après une carrière #2 - Statistiques

Statistiques générales
  • Ce quiz a été pris 70 fois
  • Le résultat moyen est 4 sur 5
Statistiques - réponses
Hint Réponse % Correct
BarcelonaPSG Inter Miami Messi
100%
LilleChelsea Real Madrid Hazard
90%
TottenhamReal Madrid Tottenham Real Madrid Los Angeles FC Bale
89%
PalermoJuventus AS Roma Dybala
63%
UdineseEmpoli Napoli Inter Milan Zieliński
8%
Aucun quiz correspondant
Distribution des résultats
% des personnes avec chaque résultat
Percentile par nombre de réponses
Votre historique - résultats
Vous n’avez pas pris ce quiz